000 00320nam a2200133 i 4500
001 bg
100 1 _aRONKOWSKI, Roman
245 0 _aTaśmy magnetyczne maszyn cyfrowych /
_cRoman Ronkowski.
260 _aWarszawa,
_c1976.
040 _cBPK
041 _apol
942 _cKS
008 s pl f |000 0 pol
999 _c27712
_d27712
856 _uhttp://koha.tu.koszalin.pl/cgi-bin/koha/opac-detail.pl?biblionumber=27712
_yKatalog online BPK